000 00523nam a2200169 a 4500
001 000008757
005 20240412074208.0
008 090918s2004 sp 001 0 spa d
040 _aDO-SdBNP
082 _aRD860.09
_bB446l
100 1 _aGarcía Godoy, F.
_921582
245 1 3 _aLa literatura americana de nuestros días :
_bpáginas efímeras /
_cF. García Godoy.
260 _aMadrid. :
_bSociedad Española de Librería,
_c[s. n.].
300 _a304 p. ;
_c20 cm.
650 0 _aLiteratura dominicana.
_967
049 _aBNPD
999 _c8526
_d8526